000 01006nam a22003257a 4500
001 BR8206189
003 BR-BrBNA
005 20230928091455.0
007 ta
008 230509b bl.||||| |||| 00| 0 por d
040 _aBR-BrBNA
_bpor
_cBiblioteca Nacional de Agricultura
041 _a(Por)
072 _aF00; F30; F25
_b0180
_b/G514
090 _ 0180 BR8206189
110 1 _aOrganizacao das Cooperativas do Estado do Parana, Cascavel (Brasil)
_97725
111 1 _a12. Reuniao Nacional de Pesquisa de Trigo
_cCascavel, PR (Brazil)
_d19-23 Jul 1982
245 1 _aResumos e comunicados tecnicos da 12. Reuniao Nacional de Pesquisa de Trigo [Brasil]
260 3 _aCascavel, PR (Brasil):
_c1982.
300 _a274 p.
500 _aSummary only
650 _aTRIGO
650 _aPRATICA CULTURAL
650 _aGENETICA VEGETAL
650 _aDEFESA VEGETAL
650 _aNUTRICAO VEGETAL
650 _aSEMENTE
650 _aADUBACAO
909 _a202309
_bLucia
_c55
_dLucia Elande
942 _cBK
999 _c34023
_d34023